|
|
|
|
| LEADER |
00847nam a2200241 i 4500 |
| 001 |
c000376994 |
| 003 |
CARM |
| 005 |
00000000000000.0 |
| 008 |
740620s1973 enk 00010 eng d |
| 015 |
|
|
|a C74-4331-5
|
| 019 |
1 |
|
|a 330131
|z 43501014
|5 LACONCORD2021
|
| 020 |
|
|
|a 0701119918
|c £1.25
|
| 035 |
|
|
|a (OCoLC)952193
|5 LACONCORD2021
|
| 040 |
|
|
|a CaOONL
|b eng
|c CaOONL
|
| 055 |
0 |
2 |
|a PS8503*
|
| 100 |
1 |
|
|a Birney, Earle,
|d 1904-
|
| 245 |
1 |
4 |
|a The bear on the Delhi Road :
|b selected poems /
|c by Earle Birney.
|
| 260 |
|
|
|a London :
|b Chatto & Windus,
|c 1973.
|
| 300 |
|
|
|a 64 p. ;
|c 22 cm.
|
| 852 |
8 |
|
|b CARM
|h A1:AM34C0
|i B09775
|p 0441782
|f BK
|
| 082 |
0 |
4 |
|a C811/.5/4
|
| 999 |
f |
f |
|i ed26616b-ce3f-5417-9926-86a3a8462907
|s ee005184-3355-54b1-a50f-a78e8ea61d6e
|
| 952 |
f |
f |
|p Can circulate
|a CAVAL
|b CAVAL
|c CAVAL
|d CARM 1 Store
|e B09775
|f A1:AM34C0
|h Other scheme
|i book
|m 0441782
|